000 00215nam a2200085Ia 4500
008 170524s9999 xx 000 0 und d
100 _aDomkundwar V M
245 2 _aA Cource in internal Combustion Engines
260 _bDhanpat Rai
260 _c2009
999 _c5591
_d5591